Vlastné daňové príjmy miestnych samospráv

Financovanie rozpočtov miestnych samospráv a zdroje príjmov obcí ako dôležitý aspekt fungovania obcí. Niektoré druhy zdrojov príjmov obcí, ktoré tvoria ich podstatnú časť.

Na minha lista:
Detalhes bibliográficos
Autor principal: Foltínová, Alžbeta
Outros Autores: Soósová, Veronika
Formato: Capítulo de Livro
Idioma:eslovaco
Assuntos:
Tags: Adicionar Tag
Sem tags, seja o primeiro a adicionar uma tag!

MARC

LEADER 00000naa$a2200000$$$4500
001 0167838
005 20240522124106.5
041 0 |a slo 
044 |a SK 
245 1 0 |a Vlastné daňové príjmy miestnych samospráv  |c Alžbeta Foltínová, Veronika Soósová 
520 |a Financovanie rozpočtov miestnych samospráv a zdroje príjmov obcí ako dôležitý aspekt fungovania obcí. Niektoré druhy zdrojov príjmov obcí, ktoré tvoria ich podstatnú časť. 
610 2 0 |a samospráva 
610 2 0 |a obce 
610 2 0 |a zdroje finančné 
610 2 0 |a rozpočet miestny 
610 2 0 |a financie komunálne 
610 2 0 |a poplatky miestne 
610 2 0 |a dane miestne 
100 1 |a Foltínová, Alžbeta 
700 1 |a Soósová, Veronika